CHP 30. olağan kurultayı temel sorunlar ve temel çözümler bildirgesi (Record no. 8286)

MARC details
000 -BAŞLIK
Sabit Uzunlukta Kontrol Alanı 01706na a2200421 4500
001 - KONTROL NUMARASI
Denetim Alanı 20531
003 - KONTROL NUMARASI IDENTIFIER
Denetim Alanı MIRAKIL
005 - SON İŞLEM TARİHİ VE ZAMANI
Denetim Alanı 20181213155206.0
008 - SABİT-BOY VERİ ELEMANLARI - GENEL BİLGİLER
Sabit Uzunlukta Kontrol Alanı 170124b tu 000 0
035 ## - SİSTEM KONTROL NUMARASI
Sistem Kontrol Numarası 20531
040 ## - KATALOGLAMA KAYNAK
Orijinal Kataloglama Ajansı Milas
Kataloglama Dili tur
Metne Dönüştürmek Ajansı TR-AnCHP
041 ## - DİL KODU
Metin / Ses Parça Veya Ayrı Başlığın Dil Kodu tur
082 ## - DEWEY ONLU SINIFLANDIRMA NUMARASI
Sınıflandırma Numarası CHP 324.23072
Ürün Numarası C36b 2003
090 ## - SINIFLAMA NUMARASI
Sınıflama Numarası BROŞÜR 350
110 ## - ANA GİRİŞ - KURUMSAL ADI
Giriş Elemanı Olarak Kurumsal Ad Veya Yargı Alanı Adı Cumhuriyet Halk Partisi (CHP)
222 ## - ANAHTAR ADI
Anahtar Başlık Bildirgeler
245 ## - BAŞLIK TABLOSU
Başlık CHP 30. olağan kurultayı temel sorunlar ve temel çözümler bildirgesi
Başlığın Kalan (23-24 Ekim 2003)
Sorumluluk Tablosu, Vb CHP
246 ## - UNVAN FORM VARYING
Başlık Doğru / Kısa Başlığı CHP 30. olağan kurultayı bildirgesi
246 ## - UNVAN FORM VARYING
Başlık Doğru / Kısa Başlığı Temel sorunlar ve temel çözümler bildirgesi
260 ## - YAYIN, DAĞITIM, VB
Yayın, Dağıtım, Vb Yeri Ankara
Yayıncı, Dağıtıcı, Vs Adı CHP
Yayın, Dağıtım, Vb Tarihi 2003
300 ## - FİZİKSEL TANIM
Kapsam 32 s.
Boyutlar 21 sm.
440 ## - SERİSİ TABLOSU / KATMA GİRİŞİ - BAŞLIK
Başlık Cumhuriyet Halk Partisi yayınları
Bir İşin Parçası / Bölümün İsmi Bildirgeler
500 ## - GENEL NOT
Genel Not (Temel Sorunlar ve Temel Çözümler Komisyonu ile CHP CHP 30. Olağan Kurultayı tarafından oybirliği ile kabul edilmiştir)
610 ## - KONU KATMA GİRİŞ - TOPLANTI ADI
Giriş Elemanı Olarak Kurumsal Ad Veya Yargı Alanı Adı Cumhuriyet Halk Partisi (CHP)
Genel Alt Bölüm Kurultaylar, 2003
Kronolojik Alt Bölüm Bildirgeler
610 ## - KONU KATMA GİRİŞ - TOPLANTI ADI
Giriş Elemanı Olarak Kurumsal Ad Veya Yargı Alanı Adı CHP
Genel Alt Bölüm Propaganda ve ideolojiler
Kronolojik Alt Bölüm Bildirgeler
651 ## - KONU KATMA GİRİŞ - COĞRAFİ ADI
Coğrafi İsim Türkiye
Genel Alt Bölümü Siyaset ve yönetim
Kronolojik Alt Bölümü 2003-2005
710 ## - KATMA GİRİŞ - KURUMSAL ADI
Giriş Elemanı Olarak Kurumsal Ad Veya Yargı Alanı Adı Cumhuriyet Halk Partisi (CHP)
Alt Birim Temel Sorunlar ve Temel Çözümler Komisyonu
Toplantı Veya Antlaşma İmzalandığı Tarihi 23-24 Ekim 2003
711 ## - KATMA GİRİŞ - TOPLANTI ADI
Giriş Elemanı Olarak Toplantı Adı Veya Yargı Alanı Adı CHP Olağan Kurultay
Toplantının Yeri Ankara
Toplantı Veya Antlaşma İmzalandığı Tarihi 23-24 Ekim 2003
Bölüm / Bölüm / Toplantı Sayısı 30.
740 ## - KATMA GİRİŞ - KONTROLSUZ İLGİLİ / ANALİTİK BAŞLIK
Kontrol Edilmeyen / İlgili Analitik Başlıktaki Temel Sorunlar ve Temel Çözümler Komisyonu ile CHP CHP 30. Olağan Kurultayı tarafından oybirliği ile kabul edilmiştir
740 ## - KATMA GİRİŞ - KONTROLSUZ İLGİLİ / ANALİTİK BAŞLIK
Kontrol Edilmeyen / İlgili Analitik Başlıktaki CHP 30. olağan kurultayı bildirgesi
830 ## - SERİSİ EKLENDİ GİRİŞ - ÜNİFORM ADI
Üniforma Başlık CHP bildirgeleri
942 ## - EKLENDİ GİRİŞ ELEMANLARI (KOHA)
Sınıflandırma Veya Raf Düzeni Kaynak Dewey Decimal Classification
Koha Öğesi Türü Books
999 ## - SİSTEM KONTROL NUMARALARI (KOHA)
Koha Biblionumber 8286
Koha Biblioitemnumber 8286
657 ## - INDEX SÜRE - İŞLEVİ
-- CHP kurultay bildirgeleri
657 ## - INDEX SÜRE - İŞLEVİ
-- CHP kurultay bildirgesi
657 ## - INDEX SÜRE - İŞLEVİ
-- CHP kurultayları
657 ## - INDEX SÜRE - İŞLEVİ
-- CHP bildirgeleri
Holdings
Kullanım Kısıtlamaları Kalıcı Konum Mevcut Konum Edinme Tarihi Edinim Kaynak Kodlu Konum Eleme Toplam Check-Out'Lar Tam Çağrı Numarası Barkod Tarih Son Görülme Kopya Sayısı İtibaren Geçerli Fiyatlar Koha Öğesi Türü
Kütüphane dışına çıkarılamaz CHP Kütüphanesi CHP Kütüphanesi 01/24/2017 Bağış BROŞÜRLER   BROŞÜR 350 011744 01/24/2017 k.7 01/24/2017 Visual Material